Wild : (Record no. 60798)
[ view plain ]
| 000 -LEADER | |
|---|---|
| fixed length control field | 01154cam a2200301 i 4500 |
| 001 - CONTROL NUMBER | |
| control field | vtls003272331 |
| 003 - CONTROL NUMBER IDENTIFIER | |
| control field | MY-SjTCS |
| 005 - DATE AND TIME OF LATEST TRANSACTION | |
| control field | 20200306170214.0 |
| 008 - FIXED-LENGTH DATA ELEMENTS--GENERAL INFORMATION | |
| fixed length control field | 161116s2013 nyub b 000 0 eng d |
| 020 ## - INTERNATIONAL STANDARD BOOK NUMBER | |
| International Standard Book Number | 9780307476074 (paperback) |
| 039 #9 - LEVEL OF BIBLIOGRAPHIC CONTROL AND CODING DETAIL [OBSOLETE] | |
| Level of rules in bibliographic description | 201701121709 |
| Level of effort used to assign nonsubject heading access points | shuhada |
| Level of effort used to assign subject headings | 201701121708 |
| Level of effort used to assign classification | shuhada |
| Level of effort used to assign subject headings | 201701121706 |
| Level of effort used to assign classification | shuhada |
| Level of effort used to assign subject headings | 201701121704 |
| Level of effort used to assign classification | shuhada |
| -- | 201611161334 |
| -- | malathy |
| 040 ## - CATALOGING SOURCE | |
| Description conventions | rda |
| 043 ## - GEOGRAPHIC AREA CODE | |
| Geographic area code | n-us-dc |
| -- | n-us-or |
| -- | n-us-nv |
| -- | n-us-ca |
| -- | n-cn-bc |
| -- | n-cn--- |
| 082 04 - DEWEY DECIMAL CLASSIFICATION NUMBER | |
| Classification number | 818.603 |
| Item number | STR 2013 |
| 100 1# - MAIN ENTRY--PERSONAL NAME | |
| Personal name | Strayed, Cheryl, |
| Dates associated with a name | 1968- |
| 9 (RLIN) | 76162 |
| 245 10 - TITLE STATEMENT | |
| Title | Wild : |
| Remainder of title | from lost to found on the Pacific Crest Trail / |
| Statement of responsibility, etc. | Cheryl Strayed. |
| 250 ## - EDITION STATEMENT | |
| Edition statement | First Vintage Books edition. |
| 264 #1 - PRODUCTION, PUBLICATION, DISTRIBUTION, MANUFACTURE, AND COPYRIGHT NOTICE | |
| Place of production, publication, distribution, manufacture | New York : |
| Name of producer, publisher, distributor, manufacturer | Vintage Books, |
| Date of production, publication, distribution, manufacture, or copyright notice | 2013. |
| 300 ## - PHYSICAL DESCRIPTION | |
| Extent | 315 pages : |
| Other physical details | map ; |
| Dimensions | 21 cm |
| 336 ## - CONTENT TYPE | |
| Content type term | text |
| Source | rdacontent |
| 337 ## - MEDIA TYPE | |
| Media type term | unmediated |
| Source | rdamedia |
| 338 ## - CARRIER TYPE | |
| Carrier type term | volume |
| Source | rdacarrier |
| 504 ## - BIBLIOGRAPHY, ETC. NOTE | |
| Bibliography, etc. note | Includes bibliographical references. |
| 600 10 - SUBJECT ADDED ENTRY--PERSONAL NAME | |
| Personal name | Strayed, Cheryl, |
| Dates associated with a name | 1968- |
| General subdivision | Travel |
| Geographic subdivision | Pacific Crest Trail. |
| 9 (RLIN) | 281102 |
| 650 #0 - SUBJECT ADDED ENTRY--TOPICAL TERM | |
| Topical term or geographic name entry element | Authors, American |
| Chronological subdivision | 21st century |
| Form subdivision | Biography. |
| 9 (RLIN) | 25067 |
| 651 #0 - SUBJECT ADDED ENTRY--GEOGRAPHIC NAME | |
| Geographic name | Pacific Crest Trail |
| General subdivision | Description and travel. |
| 9 (RLIN) | 76163 |
| 920 ## - Programme | |
| Programme | GENLS : 227115 |
| Withdrawn status | Lost status | Source of classification or shelving scheme | Damaged status | Not for loan | Home library | Current library | Date acquired | Total Checkouts | Total Renewals | Barcode | Date last seen | Date last checked out | Uniform Resource Identifier | Koha item type | Public note |
|---|---|---|---|---|---|---|---|---|---|---|---|---|---|---|---|
| Dewey Decimal Classification | Taylor's Library-TU | Taylor's Library-TU | 22/12/2016 | 3 | 1 | 5000162057 | 29/04/2022 | 22/03/2022 | Floor 4, Shelf 35 , Side 2, TierNo 5, BayNo 1 | Main Collection | GENLS,GENLS,02,CL |